RADIO METEOR - Statystyki

Ogólne statystyki
  • Ten quiz został rozwiązany 12 razy
  • Średni wynik to 15 z 20
Statystyki odpowiedzi
Pytanie Odpowiedź % Poprawnych
Ile audycji zrobił dotychczas Joachim Stępień? 1
91%
Ile mamy działów w radiu (oficjalnych) 9
91%
Jaki dział tworzą bambus, Franklin Tomalak i gąbka trąbka? Dział niszy
91%
Jaki jest ulubiony zespół Juli Cichej (twierdzi, że nie, ale to nieprawda) Franz Ferdinand
91%
Jak nazywa się wyłączony gekon? gekoff
91%
Kto założył Dział Recyklingu i Segregacji Selektywnej? Igor Kwasigroch
91%
Czym stukał Szymon Michalak? jajami
91%
Jak nazywa się audycja autorska Bartka Łęczuka? Łędkowanie
91%
Czy margaryna to nabiał? nie
91%
Kto był naczelnym przed Tymkiem Simonem? Ola Bielska
91%
Jakie jest rozwinięcie nazwy KEKS? Kompendium Ekstraklasowych Komentatorów Sportowych
82%
Kim jest MC Wiedział Nie Powiedział? Mikołaj Plewa
82%
Który MagMuz miał największą słuchalność? Gimpson
64%
Kim jest Lufa/Lufińsky? Kuba Lubawy
64%
Wywiad Agi z którym zespołem siedzi w montażowym czyśćcu od ponad roku? Morphine
64%
Jakiego rapera nienawidzi Olek Gręda? Peja
64%
Kim jest CTG? Tristan Gorynia
64%
Na spodenkach jakiej drużyny koszykarskiej znajduje się logo Radia Meteor? KS Kosz Ciepłomax Kompaktowy Pleszew
45%
Do jakiego urzędu powinien zostać zgłoszony Jeremiasz? UOKiK
45%
Skąd pochodzi dziadek Agi? Wschowa
45%
Nie znaleziono quizów pasujących do podanych kryteriów
Rozkład punktacji
Procent ludzi z każdym wynikiem
Percentyl według liczby udzielonych odpowiedzi
Twoja historia wyników
Nie rozwiązałeś tego quizu